000 00449nam a22001817a 4500
003 MPLRDC
005 20220104142507.0
008 210129b ||||| |||| 00| 0 eng d
082 _a859.4 SJMZ v.1
100 _a安徒生原作
245 _a卖火柴的少女
_c
250 _a初版
260 _a
_b根毅文化事业有限公司
_c1983
300 _b
490 _a世界名作童话全集;1
650 _a
942 _cBK
_o859.4 SJMZ v.1
999 _c31343
_d31333